000 00597nam a2200193Ia 4500
008 151121s9999||||xx |||||||||||||| ||und||
082 _a838/सिंह
082 _bHNW-77769
100 _a सिंह शशि श्याम
245 _aजीवन - पथ पर
260 _b"शिलालेख, दिल्ली।"
260 _c--
300 _a101
600 _a सिंह शशि श्याम
630 _aजीवन - पथ पर
700 _a सिंह शशि श्याम
730 _aजीवन - पथ पर
942 _cBOOK
999 _c1259177
_d1259174